Word Ladder: 50 Cent Song Quiz Stats

 Plays Quiz Updated May 8, 2019

Score 0/19 Timer 03:00
1 Play Today
Hint 4-Letter Word % Correct
12 of these make a footINCH
98.1%
Thing you have to scratchITCH
95.6%
Rear partBACK
95.5%
Surname of composer Johann SebastianBACH
94.9%
'To ____ his own'EACH
94.8%
Preceder of '-a-sketch,' in a children's toyETCH
94.2%
Pre-Columbian Empire centered in PeruINCA
93.3%
Get ready for a holidayPACK
92.2%
'Crazy' or 'super' adhesiveGLUE
91.6%
Color of the Danube, in classical musicBLUE
91.4%
Hint 4-Letter Word % Correct
Truce between two countriesPACT
91%
Skill dealing with a sensitive issueTACT
85.8%
Like a string pulled tight TAUT
83.6%
Excessively abundant supplyGLUT
83.4%
Arthritis caused by uric acidGOUT
81.3%
Show off; flaunt; hypeTOUT
77.4%
Cry; weep; bawlBLUB
75.2%
Last word of a 50 Cent songCLUB
68.1%
First two words of a 50 Cent songIN DA
67%

Today's Daily Dose

Missing Word
Celine Dion

Word Ladder
Dr. Seuss Books

Quick Pick
Cities in India

Get the Picture
'A' Actresses

You're not logged in!

Compare scores with friends on all Sporcle quizzes.
OR
Log In

Sporcle TV

Today on Sporcle TV


Watch our educational content, quiz creation guides, and fun videos on Sporcle TV.

Show Comments

Extras

Top Quizzes Today


Score Distribution

Your Account Isn't Verified!

In order to create a playlist on Sporcle, you need to verify the email address you used during registration. Go to your Sporcle Settings to finish the process.

Report this User

Report this user for behavior that violates our Community Guidelines.

Details: